- Psicología aplicada
Entry Materia
001 - NÚMERO DE CONTROL DEL REGISTRO
- campo de control: 16401
003 - IDENTIFICADOR DE NUMERO DE CONTROL
- campo de control: UPN
005 - FECHA Y HORA DE LA ÚLTIMA TRANSACCIÓN
- campo de control: 20220811114607.0
008 - DATOS DE LONGITUD FIJA
- campo de control de longitud fija: 220811 | aanaabaaa a aaa d
010 ## - NÚMERO DE CONTROL DE LA BIBLIOTECA DEL CONGRESO (LC)
- LC control number: sh 85108472
035 ## - NÚMERO DE CONTROL DEL SISTEMA
- Número de control del sistema: UPN10000016409
040 ## - FUENTE DE LA CATALOGACIÓN
- Centro catalogador de origen: DLC
- Lengua de catalogación: spa
- Agencia de transcripción: UPN
046 ## - FECHAS CON CODIFICACIÓN ESPECIAL
- Fecha final para contenidos agregados: 2022
053 ## - NÚMERO CLASIFICADOR - BIBLIOTECA DEL CONGRESO (LC)
- Elemento numérico de la clasificación - Número único o no. inicial del rango: BF636
- Elemento numérico de la clasificación - Número único o no. final del rango: BF637
150 ## - ENCABEZAMIENTO - TEMÁTICO
- Término de materia o nombre geográfico como elemento inicial: Psicología aplicada
360 ## - REFERENCIA COMPLEJA DE VÉASE ADEMÁS - MATERIA
- Texto explicativo: subdivisión
- Encabezamiento al que se remite: Aspectos psicológicos
- Texto explicativo: bajo temas específicos, por ejemplo
- Encabezamiento al que se remite: Economía - Aspectos psicológico
450 ## - VÉASE - MATERIA
- Encabezamiento temático: Psicología práctica
450 ## - VÉASE - MATERIA
- Encabezamiento temático: Psicotecnia social
450 #0 - VÉASE - MATERIA
- Encabezamiento temático: Psychology, Applied
550 ## - VÉASE ADEMÁS - MATERIA
- Subcampo de control: g
- Encabezamiento temático o nombre geográfico como elemento de entrada: Psicología
670 ## - FUENTE EN LA QUE SE LOCALIZARON DATOS
- Cita de la fuente: Biblioteca del Congreso (Estados Unidos), 01 abril 2010 :
- Información localizada: Catálogo electrónico (Psychology, Applied)
680 ## - NOTA GENERAL CON DESPLIEGUE PÚBLICO
- Texto explicativo: Aqui se asientan las obras generales sobre la aplicación de la psicología en varios campos como la industria, la publicidad, la vida militar, etc.
750 #0 - ASIENTO LIGADO AL ENCABEZAMIENTO - TÉRMINO TEMÁTICO
- Encabezamiento temático: Psychology, Applied
- Número de control del registro: sh 85108472
902 ## - CATALOGADOR
- Catalogador: BDV/BDV/OGM
